Statystyki dla Trenerzy reprezentacji Francji w XXI

Kliknij tutaj aby rozwiązać quiz!

Ogólne statystyki

  • Ten quiz został rozwiązany 60 razy
  • Średni wynik to 2 z 5

Statystyki odpowiedzi

Lata
pracy
Trener% Poprawnych
2012 do terazDidier Deschamps
96%
2010 - 2012Laurent Blanc
68%
2004 - 2010Raymond Domenech
38%
1998 - 2002Roger Lemerre
17%
2002 - 2004Jacques Santini
8%

Rozkład punktacji

Percentyl według liczby udzielonych odpowiedzi

Procent ludzi z każdym wynikiem

Twoja historia wyników

Nie rozwiązałeś tego quizu